|
|
|
|
| LEADER |
01756nam a2200433 a 4500 |
| 001 |
EBC3339391 |
| 003 |
MiAaPQ |
| 005 |
20200520144314.0 |
| 006 |
m o d | |
| 007 |
cr cn||||||||| |
| 008 |
110428s2012 maua sb 001 0 eng d |
| 010 |
|
|
|z 2011016638
|
| 020 |
|
|
|z 9780262016711 (hardcover : alk. paper)
|
| 020 |
|
|
|z 0262016710 (hardcover : alk. paper)
|
| 020 |
|
|
|a 9780262298629 (electronic bk.)
|
| 035 |
|
|
|a (MiAaPQ)EBC3339391
|
| 035 |
|
|
|a (Au-PeEL)EBL3339391
|
| 035 |
|
|
|a (CaPaEBR)ebr10531190
|
| 035 |
|
|
|a (CaONFJC)MIL359470
|
| 035 |
|
|
|a (OCoLC)776201960
|
| 040 |
|
|
|a MiAaPQ
|c MiAaPQ
|d MiAaPQ
|
| 050 |
|
4 |
|a HF1411
|b .I753 2012
|
| 082 |
0 |
4 |
|a 382/.309043
|2 23
|
| 100 |
1 |
|
|a Irwin, Douglas A.,
|d 1962-
|
| 245 |
1 |
0 |
|a Trade policy disaster
|h [electronic resource] :
|b lessons from the 1930s /
|c Douglas A. Irwin.
|
| 260 |
|
|
|a Cambridge, Mass. :
|b MIT Press,
|c c2012.
|
| 300 |
|
|
|a xv, 194 p. :
|b ill.
|
| 490 |
1 |
|
|a The Ohlin lectures
|
| 504 |
|
|
|a Includes bibliographical references and index.
|
| 505 |
0 |
|
|a The Great Depression and the rise of protectionism -- The policy dilemma : protection or devaluation? -- Trade restrictions and exchange rate adjustment : choice and consequences -- Conclusions.
|
| 533 |
|
|
|a Electronic reproduction. Ann Arbor, MI : ProQuest, 2015. Available via World Wide Web. Access may be limited to ProQuest affiliated libraries.
|
| 650 |
|
0 |
|a Commercial policy
|x History.
|
| 650 |
|
0 |
|a Protectionism
|x History.
|
| 650 |
|
0 |
|a Free trade
|x History.
|
| 650 |
|
0 |
|a Foreign exchange rates
|x History.
|
| 655 |
|
4 |
|a Electronic books.
|
| 710 |
2 |
|
|a ProQuest (Firm)
|
| 830 |
|
0 |
|a Ohlin lectures.
|
| 856 |
4 |
0 |
|u https://ebookcentral.proquest.com/lib/matrademy/detail.action?docID=3339391
|z Click to View
|